|
|
|
|
| LEADER |
01345nam a2200349 a 4500 |
| 001 |
000665748 |
| 003 |
CZ BrMZK |
| 005 |
20080513115612.0 |
| 007 |
ta |
| 008 |
030410s2003 xr a f 000 0 cze d |
| 015 |
|
|
|a cnb001247855
|
| 020 |
|
|
|a 80-7254-302-4
|q (brož.)
|
| 035 |
|
|
|a (OCoLC)53272103
|
| 040 |
|
|
|a BOA001
|b cze
|
| 072 |
|
7 |
|a 616
|x Patologie. Klinická medicína
|2 Konspekt
|9 14
|
| 080 |
|
|
|a 616.728.2-77
|2 MRF
|
| 080 |
|
|
|a 615.8
|2 MRF
|
| 080 |
|
|
|a (036)
|2 MRF
|
| 100 |
1 |
|
|a Sosna, Antonín,
|d 1943-
|7 jn20000710566
|4 aut
|
| 245 |
1 |
0 |
|a Náhrada kyčelního kloubu :
|b rehabilitace a režimová opatření /
|c Antonín Sosna, David Pokorný, David Jahoda
|
| 250 |
|
|
|a Vyd. 1
|
| 260 |
|
|
|a Praha :
|b Triton,
|c 2003
|
| 300 |
|
|
|a 58 s. :
|b il. ;
|c 20 cm
|
| 650 |
0 |
7 |
|a totální endoprotéza kyčelního kloubu
|7 ph136940
|2 czenas
|
| 650 |
0 |
7 |
|a léčebná rehabilitace
|7 ph122527
|2 czenas
|
| 655 |
|
7 |
|a informační publikace
|7 fd132454
|2 czenas
|
| 700 |
1 |
|
|a Jahoda, David,
|d 1967-
|7 xx0014721
|4 aut
|
| 700 |
1 |
|
|a Pokorný, David,
|d 1968-
|7 jn20001103568
|4 aut
|
| 856 |
4 |
1 |
|u http://www.digitalniknihovna.cz/mzk/uuid/uuid:21c726a0-1619-11e3-8f8a-005056827e52
|y Digitalizovaný dokument
|x NDK
|
| 910 |
|
|
|a BOA001
|b 2-1117.012
|
| 990 |
|
|
|a BK
|
| 996 |
6 |
|
|b 2610185769
|c 2-1117.012
|l MZK
|r Sklad / do 1 hodiny
|n 27
|p p.v.
|w 000665748
|u 000010
|a 1
|e BOA001
|j MZK50
|s P
|